000 00797nam a2200217Ia 4500
999 _c39471
_d39471
001 6065
003 GE_BSU
005 20190920111433.0
008 181216s1991||||ge |||||||||||||| ||geo||
040 _cGE_BSU
041 _ageo
080 _a821.353.1-1 ა-76
100 _aარაბული, ირაკლი
_94168
245 _aთამარის მონატრება /
_cარაბული, ირაკლი ; რედ. ევა ჩიკაშუა.
264 _aთბილისი :
_bმერანი ;
_c1991.
300 _a315 გვ. ;
_c15 სმ.
653 _aთამარის მონატრება
653 _aლექსები
700 _aჩიკაშუა, ევა
_eრედაქტორი
_94169
942 _cBK
_2udc